Statystyki dla Najczęściej wymieniane waluty

Kliknij tutaj aby rozwiązać quiz!

Ogólne statystyki

  • Ten quiz został rozwiązany 282 razy
  • Średni wynik to 16 z 35

Statystyki odpowiedzi

Odpowiedź% Poprawnych
Euro
97%
Dolar
95%
Funt
76%
Stany Zjednoczone
73%
Rubel
67%
Jen
63%
Korona
61%
Korona
61%
Kanada
60%
Wielka Brytania
59%
Australia
56%
Frank
56%
Japonia
56%
Rosja
56%
Peso
54%
Meksyk
48%
Chiny
47%
Szwajcaria
46%
Brazylia
44%
Szwecja
44%
Indie
41%
Norwegia
39%
Rupia
36%
Nowa Zelandia
35%
Korea Południowa
31%
Republika Południowej Afryki
28%
Turcja
26%
Yuan
25%
Lira
22%
Won
19%
Real
17%
Singapur
11%
Rand
7%
Strefa euro
7%
Hongkong
6%

Rozkład punktacji

Percentyl według liczby udzielonych odpowiedzi

Procent ludzi z każdym wynikiem

Twoja historia wyników

Nie rozwiązałeś tego quizu